| 000 | 00970nam a2200265 i 4500 | ||
|---|---|---|---|
| 001 | bg | ||
| 100 | 1 |
_aMickiewicz, Adam _d(1798-1855). |
|
| 245 | 1 | 0 |
_aPan Tadeusz czyli ostatni zajazd na Litwie : _bhistoria szlachecka z r. 1811 i 1812 we dwunastu księgach wierszem / _cAdam Mickiewicz ; oprac. Konrad Górski ; zilustrował Józef Wilkoń. |
| 260 |
_a[s.l] : _bMediasat Group, _c2005. |
||
| 300 |
_a447, [1] s. ; _c21 cm. |
||
| 490 | 1 |
_aBiblioteka Gazety Wyborczej : XIX wiek ; _v26 |
|
| 500 | _aWyd. we współpr. merytorycznej z Zakładem Narodowym im. Ossolińskich - Wydawnictwo, Wrocław. | ||
| 650 | 9 |
_aPowieść polska _y19 w. |
|
| 830 | 0 |
_aBiblioteka Gazety Wyborczej ; _v26 |
|
| 020 | _a8498191645 (całość) | ||
| 020 | _a8498191971 | ||
| 040 | _cBPK | ||
| 041 | 0 | _apol | |
| 044 | _aPOL | ||
| 080 | _a821.162.1-1 | ||
| 920 | _a84-9819-164-5 (całość) | ||
| 920 | _a84-9819-197-1 | ||
| 942 | _cKS | ||
| 008 | s pl f |000 0 pol | ||
| 999 |
_c55713 _d55713 |
||
| 856 |
_uhttp://koha.tu.koszalin.pl/cgi-bin/koha/opac-detail.pl?biblionumber=55713 _yKatalog online BPK |
||